| 000 | 00578nam a2200217Ia 4500 | ||
|---|---|---|---|
| 003 | OSt | ||
| 005 | 20220820111722.0 | ||
| 008 | 210423s2007 xx 000 0 und d | ||
| 020 | _a9788189866365 | ||
| 040 | _cAL | ||
| 041 | _aeng | ||
| 082 | _a363.738 PANB | ||
| 100 |
_aPANI (Balram). _955068 |
||
| 245 | _aTextbook of environmental chemistry. | ||
| 260 |
_aNew Delhi _bIndian Social Institute _c2007 |
||
| 300 |
_axix,554 _bPB |
||
| 365 |
_b245 _cINR |
||
| 650 |
_aEnvironmental Problems _955069 |
||
| 906 | _achemistry. ; environmental ; Textbook | ||
| 942 |
_2ddc _cBK |
||
| 999 |
_c163457 _d163457 |
||